=LDR 00000nam 2200000 4500 =001 INLIS000000000007232 =005 20200713082348 =035 ##$$a 0010-061300000007232 =008 200713################g##########0#ind## =041 ##$$a Ind =082 ##$$a 248 =090 ##$$a 248, Tip j =100 1#$$a Tippit, Sammy =245 1#$$a Jumpa Tuhan dalam ibadah, /$c Sammy Tippit =260 ##$$a Bandung :$b Lembaga Literatur Baptis,$c 1993 =300 ##$$a 163 hlm, ; $c 14 x 21 cm =650 #4$$a Ibadah (Gereja) =084 ##$$a 248 TIP j =250 ##$$a cet.1 =990 ##$$a 103.211/Pro.96 =990 ##$$a 103.212/Pro.96 =990 ##$$a 75.430/pro-94